000 00275nam a22001217a 4500
008 170614b xxu||||| |||| 00| 0 eng d
041 _aeng
080 _a32
100 _a19
101 _aSHP
245 _aCOMMON SWNSE AND FOREIGN POLICY
_cSTEMPEL.J.D
942 _2udc
_cBK
999 _c17350
_d17350